000 00532nam a2200193 a 4500
001 1775634810514
003 YourLibrary
005 20260408132851.0
008 260408s2000##################000#0#eng##
020 _a9781853029004
082 0 4 _a361.0072
_bHUM
100 1 _aHumphries, Beth,
_eauthor.
245 1 0 _aResearch in Social Care and Social Welfare :
260 _bJessica Kingsley Publishers,
_c2000.
300 _a182 pages
650 0 _aSocial Science.
942 _cENGLISH
040 _aYourLibrary
_beng
_cYourLibrary
999 _c619139
_d619139